Study of signal contrast mechanisms in scanning electron acoustic microscope detection /
محفوظ في:
| المؤلف الرئيسي: | |
|---|---|
| التنسيق: | أطروحة كتاب |
| اللغة: | English |
| منشور في: |
2003.
|
| الوسوم: |
إضافة وسم
لا توجد وسوم, كن أول من يضع وسما على هذه التسجيلة!
|
| LEADER | 00716nam a2200205 a 4500 | ||
|---|---|---|---|
| 001 | u518319 | ||
| 003 | SIRSI | ||
| 008 | 031103s2003 si v 00 1 eng m | ||
| 035 | |a ACZ-5989 | ||
| 040 | |a UMM | ||
| 090 | |a TK7 |b NUS 2003 Teh | ||
| 100 | 1 | 0 | |a Teh, Tict Eng |
| 245 | 1 | 0 | |a Study of signal contrast mechanisms in scanning electron acoustic microscope detection / |c Teh Tict Eng. |
| 260 | |c 2003. | ||
| 300 | |a xi, 84 leaves |b ill. ; |c 30 cm. | ||
| 502 | |a Dissertation (M.Eng.) -- National University of Singapore, 2003. | ||
| 504 | |a Bibliography: leaves 82-84. | ||
| 948 | |a 05/11/2003 |b 05/11/2003 | ||
| 596 | |a 1 | ||
| 999 | |a TK7 NUS 2003 TEH |w LC |c 1 |i A511289420 |l B_KOM4 |m P01UTAMA |r Y |s Y |t TESIS |u 8/11/2003 |o .PUBLIC. BKOM 4 : 46007 | ||
